Welcome to CU Library Online Public Access Catalogue (OPAC)

Beads and strands : (Record no. 6142)

MARC details
000 -LEADER
fixed length control field 00727cam a2200217 a 4500
001 - CONTROL NUMBER
control field 14368300
005 - DATE AND TIME OF LATEST TRANSACTION
control field 20250602133542.0
008 - FIXED-LENGTH DATA ELEMENTS--GENERAL INFORMATION
fixed length control field 060508s2002 cm b 000 0 eng
020 ## - INTERNATIONAL STANDARD BOOK NUMBER
International Standard Book Number 2723501620 (Clé)
020 ## - INTERNATIONAL STANDARD BOOK NUMBER
International Standard Book Number 187034541X (Regnum)
041 1# - LANGUAGE CODE
Language code of text/sound track or separate title eng
Language code of original fre
050 00 - LIBRARY OF CONGRESS CALL NUMBER
Classification number BR1360
Item number .O36313 2002
082 04 - DEWEY DECIMAL CLASSIFICATION NUMBER
Classification number 276
Edition information 21
100 1# - MAIN ENTRY--PERSONAL NAME
Personal name Oduyoye, Mercy Amba.
245 10 - TITLE STATEMENT
Title Beads and strands :
Remainder of title reflections of an African woman on Christianity in Africa /
Statement of responsibility, etc. Mercy Amba Oduyoye.
260 ## - PUBLICATION, DISTRIBUTION, ETC.
Place of publication, distribution, etc. Yaoundé, Cameroun :
Name of publisher, distributor, etc. Editions Clé ;
Place of publication, distribution, etc. Akropong-Akuapem, Ghana :
Name of publisher, distributor, etc. Regnum Africa,
Date of publication, distribution, etc. 2002.
300 ## - PHYSICAL DESCRIPTION
Extent x, 114 p. ;
Dimensions 23 cm.
440 #0 - SERIES STATEMENT/ADDED ENTRY--TITLE
Title Theological reflections from the south
650 #0 - SUBJECT ADDED ENTRY--TOPICAL TERM
Topical term or geographic name entry element Christianity
Geographic subdivision Africa.
942 ## - ADDED ENTRY ELEMENTS (KOHA)
Source of classification or shelving scheme Library of Congress Classification
Koha item type Books
Suppress in OPAC No
999 ## -
-- 6142
-- 6142
Holdings
Withdrawn status Lost status Source of classification or shelving scheme Damaged status Not for loan Collection Home library Current library Shelving location Date acquired Total checkouts Full call number Barcode Date last seen Copy number Price effective from Koha item type
    Library of Congress Classification     Non-fiction Undergraduate Library (Christ Temple) Undergraduate Library (Christ Temple) General stacks 06/02/2025   BV639 ulct00002846 06/02/2025 1 06/02/2025 Books
© 2023-2024 Copyright: Central University Libraries. All Rights Reserved | Created by: Mahone Tech Office